000 00332 a2200157 4500
001 76073
020 _a8508075545
040 _cAnchieta - Colégio São Paulo
100 _aPopov, Nikolai
240 1 0 _aPor quê?
_lpor
245 1 0 _aPor quê?
300 _a[40]
362 0 _a2000
650 4 _aLiteratura infantil
942 _cBK
999 _c76073
_d76073